European Colonies in Asia that don't exist anymore - Statistics

General Stats
  • This quiz has been taken 324 times
    321 since last reset
  • The average score is 14 of 22
Answer Stats
Hint Answer % Correct
Dutch East Indies
90%
British (shared) India
86%
French (shared) India
86%
French Annam
79%
British Hong Kong
77%
French Laos
72%
French Cambodia
71%
Portuguese Macau
70%
British Iraq
63%
British Singapore
63%
French Syria
61%
British Burma
59%
British Oman
58%
British Trucial States
58%
British Kuwait
55%
French Lebanon
54%
British Qatar
54%
British Brunei
52%
British Jordan
52%
British Palestine
48%
Portuguese Timor
48%
British Ceylon
41%
No matching quizzes found
Score Distribution
Percent of People with Each Score
Percentile by Number Answered
Your Score History
You have not taken this quiz since the last reset